000 01148nam a22003137a 4500
003 CHAP
005 20220329143347.0
008 081217s2006 co a r 00010 spa d
010 _a95511
011 _a96483
020 _a9586952215
035 _a107137
040 _cCHAP
082 0 4 _a658.4032
_bC27
100 1 _aCastillo Hernández, Mario.
_920149
245 1 0 _aToma de decisiones en las empresas :
_bentre el arte y la técnica, metodologías, modelos y herramientas
_c/por Mario Castillo Hernández
260 _aBogotá :
_bUniversidad de los Andes,
_c2006
300 _a466 p. :
_bgráfs., cuadros, diagramas
590 _aBATCH-UPD
_b10
_c20130110
_lUCH01
_h0721
590 _aBATCH-UPD
_b10
_c20130410
_lUCH01
_h0405
590 _aBATCH-UPD
_b10
_c20130914
_lUCH01
_h0857
590 _aCONVERSION
_b10
_c20130109
_lUCH01
_h1353
650 1 4 _aEmpresas.
_936635
650 1 4 _aToma de decisiones.
_9113662
901 _aBK
942 _cLIBRO
949 _a658.4032 C27
_bBC
_cLIBRO
_d33724002068743
_eLIBRO
_fc.2
_gI.c/e
_h110114
_i107137
_sb
_t$448.80
949 _a658.4032 C27
_bBC
_cLIBRO
_d33724002068785
_eLIBRO
_gI.c/e
_h110113
_i107137
_sb
_t$448.80
999 _c95511
_d95511